[Event "Challenge"]
[Site "http://www.queenalice.com/game.php?id=347909"]
[Date "2008.2.3"]
[Round "-"]
[White "esmotta"]
[Black "stanislawski"]
[Result "0-1"]
[WhiteElo "1681"]
[BlackElo "2098"]

1. e4 e6 2. Nf3 d5 3. exd5 exd5 4. d4 Bg4 5. Be2 Bd6 6. O-O Nc6 7. Bb5 Ne7 8.
Re1 O-O 9. Qd3 Bxf3 10. gxf3 Ng6 0-1

[Event "Let's Play Chess!"]
[Site "http://www.queenalice.com/game.php?id=349275"]
[Date "2008.2.14"]
[Round "-"]
[White "stanislawski"]
[Black "Raul2008"]
[Result "1-0"]
[WhiteElo "2103"]
[BlackElo "2056"]

1. Nf3 Nf6 2. c4 c5 3. Nc3 Nc6 4. g3 g6 5. Bg2 Bg7 6. O-O O-O 7. d4 cxd4 8. Nxd4
d6 9. e4 Nxe4 10. Nxc6 Nxc3 11. Nxe7+ Qxe7 12. bxc3 Bxc3 13. Ba3 Rd8 14. Rb1 Bf6
15. Bd5 Rb8 16. Qf3 b6 17. Rfe1 Be5 18. Rxe5 1-0

[Event "Brazil"]
[Site "http://www.queenalice.com/game.php?id=353888"]
[Date "2008.2.14"]
[Round "-"]
[White "Raul2008"]
[Black "stanislawski"]
[Result "0-1"]
[WhiteElo "2114"]
[BlackElo "2112"]

1. d4 d5 2. Nf3 Nf6 3. c4 c6 4. g3 Bf5 5. Nc3 e6 6. Bg2 Bd6 7. O-O h6 8. Nd2 O-O
9. e4 dxe4 10. Ndxe4 Be7 11. Nxf6+ Bxf6 12. Be3 Na6 13. Qb3 Qc7 14. Rac1 Rfd8
15. d5 Qa5 16. dxc6 bxc6 17. Bxc6 Rab8 18. Bb5 Nc7 19. Qa4 Bxc3 20. Rxc3 Rxb5
0-1

[Event "Challenge"]
[Site "http://www.queenalice.com/game.php?id=354239"]
[Date "2008.2.14"]
[Round "-"]
[White "bruno_borges"]
[Black "stanislawski"]
[Result "0-1"]
[WhiteElo "2000"]
[BlackElo "2092"]

1. e4 c5 2. Nf3 d6 3. Bb5+ Bd7 4. Bxd7+ Qxd7 5. O-O Nc6 6. Re1 Nf6 7. c3 g6 8.
d4 cxd4 9. cxd4 Bg7 10. d5 Nb4 11. a3 Na6 12. Ra2 O-O 13. b4 Rfc8 14. Bf4 Nc7
15. Nd4 a5 16. bxa5 Rxa5 17. Qb3 Nfxd5 18. exd5 Bxd4 19. Rd1 Nxd5 0-1

[Event "430"]
[Site "http://www.queenalice.com/game.php?id=372973"]
[Date "2008.3.18"]
[Round "-"]
[White "stanislawski"]
[Black "phystutordotcom"]
[Result "1-0"]
[WhiteElo "2124"]
[BlackElo "1999"]

1. e4 g6 2. d4 Bg7 3. Nf3 d6 4. Nc3 Bg4 5. Be2 Nd7 6. O-O e5 7. Bg5 f6 8. Be3 f5
9. exf5 gxf5 10. Bg5 Ngf6 11. dxe5 dxe5 12. h3 Bh5 13. Nxe5 Bxe2 14. Qxe2 O-O
15. Nxd7 Qxd7 16. Qf3 c6 17. Rad1 Qf7 18. Qxf5 Rae8 19. Rfe1 Qh5 20. Rxe8 Qxe8
21. Qd3 Qh5 22. Bxf6 Rxf6 23. Ne4 Rg6 24. Ng3 1-0

[Event "433"]
[Site "http://www.queenalice.com/game.php?id=372982"]
[Date "2008.3.18"]
[Round "-"]
[White "phystutordotcom"]
[Black "stanislawski"]
[Result "1/2-1/2"]
[WhiteElo "2026"]
[BlackElo "2132"]

1. Nf3 d5 2. d3 Nf6 3. Nbd2 e6 4. e4 c5 5. g3 Nc6 6. Bg2 Be7 7. O-O O-O 8. Re1
Qc7 9. c3 Rd8 10. exd5 Rxd5 11. Nc4 Rd8 12. Bf4 Qd7 13. d4 cxd4 14. cxd4 Nxd4
15. Nce5 Nxf3+ 16. Qxf3 Qb5 17. b3 a5 18. Rac1 Nd5 19. Bf1 Qe8 20. Re2 f6 21.
Nc4 e5 22. Bd2 Be6 23. Bxa5 Rdc8 24. Rce1 Rc5 25. Bb6 Rxc4 26. bxc4 Nxb6 27.
Qxb7 Nxc4 28. Rc2 Nd6 29. Qg2 Ra4 30. Ra1 Nf5 31. Rb2 Qa8 32. Qxa8+ Rxa8 33. a4
Bd5 34. a5 Nd4 35. a6 Nf3+ 36. Kh1 Ne1+ 1/2-1/2

[Event "CLM Playchess"]
[Site "http://www.queenalice.com/game.php?id=376410"]
[Date "2008.3.24"]
[Round "-"]
[White "CesarLMarques"]
[Black "stanislawski"]
[Result "1-0"]
[WhiteElo "2372"]
[BlackElo "2125"]

1. d4 d5 2. c4 dxc4 3. Nf3 Nf6 4. e3 e6 5. Bxc4 c5 6. O-O a6 7. Bb3 Be7 8. Nc3
b5 9. e4 c4 10. Bc2 O-O 11. Bf4 Bb7 12. Qe2 Nc6 13. e5 Nd5 14. Qe4 g6 15. Nxd5
Qxd5 16. Qxd5 exd5 17. Rae1 Bc8 18. h3 Kg7 19. Re2 h6 20. Rc1 Nb4 21. Bb1 Bf5
22. Bxf5 gxf5 23. Ra1 Nd3 24. Bg3 Ra7 25. Bh4 Nf4 26. Re3 f6 27. e6 Nd3 28. Rb1
Re8 29. Ne1 f4 30. Re2 Bb4 31. Nc2 Ba5 32. b4 Bb6 33. Ne1 Nxe1 34. Rbxe1 Rae7
35. a3 Bxd4 36. Rd1 Bc3 37. Rxd5 Rxe6 38. Rc2 Re1+ 39. Kh2 Be5 40. Ra2 c3 41. f3
Rc8 42. Bxe1 1-0

[Event "CLM Playchess"]
[Site "http://www.queenalice.com/game.php?id=376411"]
[Date "2008.3.24"]
[Round "-"]
[White "stanislawski"]
[Black "CesarLMarques"]
[Result "0-1"]
[WhiteElo "2131"]
[BlackElo "2337"]

1. e4 e5 2. Nf3 Nc6 3. Bb5 Nf6 4. d3 d6 5. O-O g6 6. Nc3 Bg7 7. h3 O-O 8. Bg5
Nd4 9. Bc4 c6 10. Nxd4 exd4 11. Ne2 h6 12. Bh4 d5 13. exd5 g5 14. Bg3 Nxd5 15.
Re1 b5 16. Bb3 a5 17. a4 f5 18. axb5 f4 19. Bh2 cxb5 20. c3 dxc3 21. Nxc3 Bb7
22. Qf3 Bxc3 23. bxc3 a4 24. Ba2 Qd7 25. Qe4 Rad8 26. Qg6+ Qg7 27. Bxd5+ Bxd5
28. Qb6 Qxc3 29. Qxb5 Bb3 0-1

[Event "Challenge"]
[Site "http://www.queenalice.com/game.php?id=424860"]
[Date "2008.6.29"]
[Round "-"]
[White "mauriciov"]
[Black "stanislawski"]
[Result "1/2-1/2"]
[WhiteElo "1942"]
[BlackElo "2129"]

1. e4 e6 2. d4 d5 3. exd5 exd5 4. c4 Bb4+ 5. Nc3 Ne7 6. Nf3 O-O 7. Bd3 Nbc6 8.
h3 dxc4 9. Bxc4 Nf5 10. a3 Ba5 11. d5 Re8+ 12. Be2 Ne5 13. Nxe5 Bxc3+ 14. bxc3
Rxe5 15. c4 Qe7 16. Ra2 Bd7 17. O-O Re8 18. Bd3 Re1 19. Qd2 Rxf1+ 20. Bxf1 Qe1
21. Qxe1 Rxe1 22. Bf4 Nd6 23. Re2 Rxe2 24. Bxe2 b6 25. f3 Ba4 26. Kf2 f6 27. Ke3
g5 28. Bh2 Kf7 1/2-1/2

[Event "Challenge"]
[Site "http://www.queenalice.com/game.php?id=424862"]
[Date "2008.6.29"]
[Round "-"]
[White "stanislawski"]
[Black "mauriciov"]
[Result "1/2-1/2"]
[WhiteElo "2137"]
[BlackElo "1869"]

1. e4 e5 2. Nf3 Nc6 3. Bb5 a6 4. Ba4 Nf6 5. O-O Nxe4 6. d4 b5 7. Bb3 d5 8. dxe5
Be6 9. Be3 Bc5 10. Bxc5 Nxc5 11. Nc3 O-O 12. Bxd5 Qd7 13. Bxe6 Qxe6 14. Qd5 Qxd5
15. Nxd5 Rfd8 16. Rad1 Rd7 17. Nc3 Rad8 18. Rxd7 1/2-1/2

[Event "FIDE 2200"]
[Site "http://www.queenalice.com/game.php?id=425600"]
[Date "2008.7.1"]
[Round "-"]
[White "BEBADO"]
[Black "stanislawski"]
[Result "1/2-1/2"]
[WhiteElo "2113"]
[BlackElo "2125"]

1. d4 d5 2. c4 c6 3. Nf3 Nf6 4. Nc3 e6 5. e3 Nbd7 6. Bd3 dxc4 7. Bxc4 b5 8. Bd3
a6 9. e4 c5 10. e5 cxd4 11. Nxb5 axb5 12. exf6 Bb7 13. O-O Qb6 14. fxg7 Bxg7 15.
Re1 O-O 16. Bf4 Rfc8 17. Ne5 Nf8 18. Qh5 Ng6 19. Nxg6 hxg6 20. Qxb5 Qxb5 21.
Bxb5 Rc2 22. Re2 Rc5 23. Bd3 g5 24. Bd6 Rxa2 25. Rb1 Rc8 26. Ba3 Bd5 27. Rbe1 f5
28. g4 fxg4 29. Bb1 Ra1 30. Bh7+ Kxh7 31. Rxa1 Kg6 32. Rd2 Be5 33. Rdd1 Bxh2+
34. Kxh2 Rh8+ 35. Kg3 Bf3 36. Rh1 Rxh1 37. Rxh1 Bxh1 38. Kxg4 Bc6 39. Be7 e5
1/2-1/2

[Event "Let's Play Chess!"]
[Site "http://www.queenalice.com/game.php?id=439919"]
[Date "2008.7.29"]
[Round "-"]
[White "flavio08"]
[Black "stanislawski"]
[Result "1-0"]
[WhiteElo "2171"]
[BlackElo "2120"]

1. e4 e6 2. d4 d5 3. e5 c5 4. c3 Nc6 5. Nf3 Bd7 6. Be2 Nh6 7. O-O cxd4 8. Bxh6
gxh6 9. cxd4 Bg7 10. Nc3 O-O 11. Re1 f6 12. Bb5 Rc8 13. Bxc6 Bxc6 14. exf6 Qxf6
15. Re3 Qg6 16. Qe2 Bd7 17. Ne5 Bxe5 18. Rxe5 Rf5 19. Rxf5 Qxf5 20. Qd2 Qg5 21.
f4 Qf5 22. Re1 Rf8 23. g3 h5 24. Re5 Qh3 25. Rg5+ Kh8 26. Nd1 1-0

[Event "Let's Play Chess!"]
[Site "http://www.queenalice.com/game.php?id=439920"]
[Date "2008.7.29"]
[Round "-"]
[White "stanislawski"]
[Black "flavio08"]
[Result "0-1"]
[WhiteElo "2125"]
[BlackElo "2050"]

1. e4 c5 2. c3 d6 3. d4 Nf6 4. Bd3 Nc6 5. Ne2 e6 6. Be3 Ng4 7. Bd2 d5 8. f3 dxe4
9. Bxe4 Nf6 10. Bxc6+ bxc6 11. Qa4 cxd4 12. cxd4 Bd7 13. Bc3 c5 14. Qd1 Nd5 15.
O-O Ne3 0-1

[Event "Challenge"]
[Site "http://www.queenalice.com/game.php?id=444229"]
[Date "2008.8.5"]
[Round "-"]
[White "PhilBFrance"]
[Black "stanislawski"]
[Result "1-0"]
[WhiteElo "2006"]
[BlackElo "2120"]

1. e4 c5 2. Nf3 d6 3. Nc3 Nc6 4. Bc4 Nf6 5. d3 g6 6. Be3 Bg7 7. h3 O-O 8. O-O a6
9. a3 b5 10. Bb3 Bb7 11. Qd2 Qc7 12. Bh6 Nd4 13. Nxd4 cxd4 14. Bxg7 Kxg7 15. Ne2
e5 16. c3 dxc3 17. Nxc3 Rfc8 18. f4 Qc5+ 19. Rf2 Rf8 20. Rf1 Rac8 21. Kh2 Rc7
22. f5 Rcc8 23. fxg6 fxg6 24. Qg5 Ng4+ 25. Qxg4 Rxf2 26. d4 Qxd4 27. Ne2 Qc5 28.
Rxf2 Qxf2 29. Qd7+ Kh6 30. Qxb7 Rf8 31. Qe7 Qf6 32. Qd7 Rd8 33. Qa7 Qf1 34. Ng3
1-0

[Event "Challenge"]
[Site "http://www.queenalice.com/game.php?id=444945"]
[Date "2008.8.7"]
[Round "-"]
[White "stanislawski"]
[Black "PhilBFrance"]
[Result "0-1"]
[WhiteElo "2125"]
[BlackElo "1963"]

1. d4 d5 2. c4 dxc4 3. Nf3 Nf6 4. e3 Bf5 5. Bxc4 e6 6. Nc3 Nc6 7. O-O Bd6 8. h3
O-O 9. Re1 Bb4 10. Bd3 Bxd3 11. Qxd3 e5 12. Qb5 e4 13. Qxb7 Qd6 14. Nd2 a6 15.
Ndxe4 Nxe4 16. Nxe4 Qd7 17. d5 Qxd5 18. Nc3 Qe6 0-1

[Event "Let's Play Chess!"]
[Site "http://www.queenalice.com/game.php?id=485129"]
[Date "2008.10.30"]
[Round "-"]
[White "stanislawski"]
[Black "CampbellMarcel"]
[Result "1/2-1/2"]
[WhiteElo "2124"]
[BlackElo "1796"]

1. e4 e6 2. d4 c5 3. d5 exd5 4. exd5 d6 5. Nf3 Bg4 6. Be2 Nf6 7. Nc3 a6 8. a4
Nbd7 9. O-O Be7 10. h3 Bh5 11. Re1 O-O 12. Bf4 Re8 13. a5 Bf8 14. Ng5 Bxe2 15.
Rxe2 Rxe2 16. Qxe2 h6 17. Nge4 g5 18. Bxd6 Nxe4 19. Nxe4 Bxd6 20. Nxd6 Qf6 21.
Nc4 b5 22. axb6 Nxb6 23. Ne3 Qxb2 24. Rxa6 Rxa6 25. Qxa6 Qf6 26. c4 Kg7 27. d6
Nd7 28. g4 Qf3 29. Qc8 Nf6 30. d7 Ne4 31. Nf5+ 1/2-1/2

[Event "Let's Play Chess!"]
[Site "http://www.queenalice.com/game.php?id=485130"]
[Date "2008.10.30"]
[Round "-"]
[White "CampbellMarcel"]
[Black "stanislawski"]
[Result "0-1"]
[WhiteElo "1860"]
[BlackElo "2120"]

1. e4 e6 2. d4 d5 3. Nc3 Nf6 4. e5 Nfd7 5. Nf3 c5 6. Bb5 Nc6 7. Bxc6 bxc6 8. Be3
cxd4 9. Bxd4 c5 10. Nxd5 exd5 11. e6 Qe7 12. O-O fxe6 13. Be5 Nxe5 14. Nxe5 Qf6
15. Nc6 Bd7 16. Na5 Rb8 17. Qe2 c4 18. Qe3 Qxb2 19. Qxa7 Qb6 20. Qxb6 Rxb6 21.
Rfb1 Bc5 22. Rxb6 Bxb6 23. Nb7 O-O 24. a4 Bxf2+ 0-1

[Event "Let's Play Chess!"]
[Site "http://www.queenalice.com/game.php?id=488358"]
[Date "2008.11.5"]
[Round "-"]
[White "stanislawski"]
[Black "lekobr"]
[Result "1-0"]
[WhiteElo "2114"]
[BlackElo "1630"]

1. e4 c5 2. Nf3 d6 3. d4 cxd4 4. Nxd4 Nf6 5. Nc3 a6 6. Be2 e6 7. O-O Be7 8. f4
O-O 9. Be3 Qc7 10. a4 Nc6 11. Bf3 Bd7 12. Qe2 Nxd4 13. Bxd4 e5 14. Be3 exf4 15.
Bxf4 Rac8 16. h3 Qc4 17. Rfe1 Qxe2 18. Rxe2 Bc6 19. Nd5 Nxd5 20. exd5 Bd7 21.
Rxe7 1-0

[Event "Let's Play Chess!"]
[Site "http://www.queenalice.com/game.php?id=488359"]
[Date "2008.11.5"]
[Round "-"]
[White "lekobr"]
[Black "stanislawski"]
[Result "0-1"]
[WhiteElo "1672"]
[BlackElo "2115"]

1. d4 Nf6 2. c4 g6 3. g3 Bg7 4. Bg2 O-O 5. Nc3 d6 6. e4 Bg4 7. Nge2 Nc6 8. Be3
a6 9. O-O e5 10. d5 Ne7 11. b4 Qd7 12. Qb3 Bh3 13. a4 h5 14. Nc1 Bxg2 15. Kxg2
Ng4 16. Bd2 f5 17. f3 Nh6 18. Nd3 fxe4 19. fxe4 h4 20. Ne2 Qg4 21. Rxf8+ Rxf8
22. Nf2 Qxe2 23. Qe3 Rxf2+ 24. Qxf2 Qxe4+ 25. Kg1 hxg3 26. Qxg3 Qd4+ 27. Kh1
Qxa1+ 0-1

[Event "Let's Play Chess!"]
[Site "http://www.queenalice.com/game.php?id=512811"]
[Date "2008.12.27"]
[Round "-"]
[White "Aylton"]
[Black "stanislawski"]
[Result "0-1"]
[WhiteElo "2027"]
[BlackElo "2116"]

1. d4 d5 2. Nf3 Nf6 3. e3 c6 4. a3 e6 5. c4 dxc4 6. Bxc4 b5 7. Ba2 Bd6 8. Nc3
O-O 9. O-O Bb7 10. h3 a6 11. e4 Bc7 12. Bg5 h6 13. Bh4 g5 14. Nxg5 hxg5 15. Bxg5
Nbd7 16. e5 Nxe5 17. dxe5 Bxe5 18. Qxd8 Raxd8 19. Rac1 Rd7 20. f4 Bd4+ 21. Kh2
Nd5 22. Nxd5 cxd5 23. Rc2 Rc8 24. Rfc1 Rxc2 25. Rxc2 Be3 26. Kg3 d4 27. Re2 Kg7
28. Bb1 Bd5 29. Kg4 Bc4 30. Kf3 Bxe2+ 31. Kxe2 f6 32. Bh4 Bxf4 33. Bf2 e5 34. g3
Bc1 0-1

[Event "Let's Play Chess!"]
[Site "http://www.queenalice.com/game.php?id=512812"]
[Date "2008.12.27"]
[Round "-"]
[White "stanislawski"]
[Black "Aylton"]
[Result "1-0"]
[WhiteElo "2125"]
[BlackElo "1909"]

1. e4 e5 2. Nf3 Nc6 3. Bb5 a6 4. Ba4 Nf6 5. O-O b5 6. Bb3 Bc5 7. a4 b4 8. c3 a5
9. d4 Bd6 10. Re1 O-O 11. h3 h6 12. d5 Nb8 13. Nbd2 c5 14. Nc4 Qc7 15. Nxd6 Qxd6
16. Nd2 Qe7 17. Nc4 d6 18. f4 Nbd7 19. Qf3 Bb7 20. Ne3 Ra6 21. Nf5 Qd8 22. Bc4
Rb6 23. Qg3 Nh5 24. Qg4 Ndf6 25. Qf3 exf4 26. Bxf4 Nxf4 27. Qxf4 Ba6 28. Bxa6
Rxa6 29. Rf1 Kh7 30. g4 Ng8 31. Kg2 g6 32. Ng3 Qe7 33. Rh1 f6 34. Raf1 bxc3 35.
bxc3 Qd7 36. Rb1 Qxa4 37. Rb7+ Kh8 38. h4 Qc2+ 39. Kh3 Qxc3 40. h5 Qe5 41. Qf1
Raa8 42. hxg6 Ne7 43. g7+ Kxg7 44. Nf5+ Kh8 45. Rxe7 1-0

[Event "Challenge"]
[Site "http://www.queenalice.com/game.php?id=513455"]
[Date "2008.12.27"]
[Round "-"]
[White "Chesterton"]
[Black "stanislawski"]
[Result "0-1"]
[WhiteElo "1846"]
[BlackElo "2131"]

1. e4 e6 2. d4 d5 3. e5 c5 4. Nf3 Nc6 5. Bb5 Bd7 6. c3 Nxe5 7. Bxd7+ Nxd7 8. O-O
Ngf6 9. Bg5 Qb6 10. b3 Ne4 11. Be3 Rc8 12. dxc5 Bxc5 13. Qd3 Bxe3 14. Qxe3 Qxe3
15. fxe3 Nxc3 16. Nd4 O-O 17. Nxc3 Rxc3 18. Rfe1 a6 19. Rac1 Rfc8 20. Rxc3 Rxc3
21. b4 Ne5 22. h3 Kf8 23. Re2 Ke7 24. Kf2 Nd3+ 25. Kf3 Nxb4 26. Rb2 a5 0-1